00480nam a2200169Ia 450000500170000000800410001704000190005804100120007708200240008910000170011324500360013026000340016630000100020065000670021065100230027785000100030020230510112824.0131103s9999 xx 000 0 und d aLoreto College aEnglish aTAG 891.44bTAG-JAS aUddin, Jasim aTakurbarir anginaycJasim Uddin aCalcuttabGranthaprakasc1959 a165p  aTagore, Rabindranath, 1861-1941 - Criticism and Interpretation aBengali Literature aLCLIB